<?xml version="1.0" encoding="UTF-8"?>
<record
    xmlns:xsi="http://www.w3.org/2001/XMLSchema-instance"
    xsi:schemaLocation="http://www.loc.gov/MARC21/slim http://www.loc.gov/standards/marcxml/schema/MARC21slim.xsd"
    xmlns="http://www.loc.gov/MARC21/slim">

  <leader>00809nam a22002177a 4500</leader>
  <controlfield tag="005">20220712105026.0</controlfield>
  <controlfield tag="008">220701b           ||||| |||| 00| 0 eng d</controlfield>
  <datafield tag="020" ind1=" " ind2=" ">
    <subfield code="a">9788189301996</subfield>
  </datafield>
  <datafield tag="040" ind1=" " ind2=" ">
    <subfield code="c">AL</subfield>
  </datafield>
  <datafield tag="041" ind1=" " ind2=" ">
    <subfield code="a">eng</subfield>
  </datafield>
  <datafield tag="082" ind1=" " ind2=" ">
    <subfield code="2">23</subfield>
    <subfield code="a">370.02</subfield>
    <subfield code="b">KUMT</subfield>
  </datafield>
  <datafield tag="100" ind1=" " ind2=" ">
    <subfield code="a">Sajit Kumar</subfield>
    <subfield code="9">46557</subfield>
  </datafield>
  <datafield tag="245" ind1=" " ind2=" ">
    <subfield code="a">Truman's NTA UGC NET SET Teaching and Research Aptitude Paper1</subfield>
  </datafield>
  <datafield tag="260" ind1=" " ind2=" ">
    <subfield code="a">New Delhi</subfield>
    <subfield code="b">Danika Publishing Company</subfield>
    <subfield code="c">2022</subfield>
  </datafield>
  <datafield tag="300" ind1=" " ind2=" ">
    <subfield code="a">648p.</subfield>
    <subfield code="b">PB</subfield>
    <subfield code="c">24x18cm.</subfield>
  </datafield>
  <datafield tag="365" ind1=" " ind2=" ">
    <subfield code="2">General</subfield>
    <subfield code="a">2475</subfield>
    <subfield code="b">&#x20B9;360.00</subfield>
    <subfield code="c">&#x20B9;</subfield>
    <subfield code="d">&#x20B9;450.00</subfield>
    <subfield code="e">20%</subfield>
    <subfield code="f">29-06-2022</subfield>
  </datafield>
  <datafield tag="520" ind1=" " ind2=" ">
    <subfield code="a">Best Selling Book for NTA UGC NET Exams. Covering new syllabus applicable from June, 2019 onward exams and new model papers ideal for SET (State Eligibility Tests) also.</subfield>
  </datafield>
  <datafield tag="650" ind1=" " ind2=" ">
    <subfield code="2">Education</subfield>
    <subfield code="a">Education</subfield>
    <subfield code="9">48231</subfield>
  </datafield>
  <datafield tag="700" ind1=" " ind2=" ">
    <subfield code="a">Gagan M</subfield>
    <subfield code="9">46590</subfield>
  </datafield>
  <datafield tag="942" ind1=" " ind2=" ">
    <subfield code="2">ddc</subfield>
    <subfield code="c">BK</subfield>
  </datafield>
  <datafield tag="999" ind1=" " ind2=" ">
    <subfield code="c">223560</subfield>
    <subfield code="d">223560</subfield>
  </datafield>
  <datafield tag="952" ind1=" " ind2=" ">
    <subfield code="0">0</subfield>
    <subfield code="1">0</subfield>
    <subfield code="2">ddc</subfield>
    <subfield code="4">0</subfield>
    <subfield code="7">0</subfield>
    <subfield code="8">GEN</subfield>
    <subfield code="a">SACPG</subfield>
    <subfield code="b">SACPG</subfield>
    <subfield code="d">2022-07-01</subfield>
    <subfield code="e">Biblios Book Point</subfield>
    <subfield code="g">360.00</subfield>
    <subfield code="l">9</subfield>
    <subfield code="o">370.02 KUMT</subfield>
    <subfield code="p">PG023972</subfield>
    <subfield code="r">2025-10-23 12:00:35</subfield>
    <subfield code="s">2025-10-11</subfield>
    <subfield code="v">450.00</subfield>
    <subfield code="w">2022-07-01</subfield>
    <subfield code="y">BK</subfield>
  </datafield>
</record>
